THE LABOUR WARD HAND BOOK (Record no. 2268)

MARC details
000 -LEADER
fixed length control field 00317nam a2200133Ia 4500
008 - FIXED-LENGTH DATA ELEMENTS--GENERAL INFORMATION
fixed length control field 150201s2006 xx 000 0 und d
082 ## - DEWEY DECIMAL CLASSIFICATION NUMBER
Classification number 610.73
Item number L06E
100 ## - MAIN ENTRY--PERSONAL NAME
Personal name EDOZIEN, LEROY
245 ## - TITLE STATEMENT
Title THE LABOUR WARD HAND BOOK
260 ## - PUBLICATION, DISTRIBUTION, ETC. (IMPRINT)
Name of publisher, distributor, etc. RSM PRESS
Place of publication, distribution, etc. U.K.
Date of publication, distribution, etc. 2006
300 ## - PHYSICAL DESCRIPTION
Extent 242
650 ## - SUBJECT ADDED ENTRY--TOPICAL TERM
Topical term or geographic name as entry element NURSING
942 ## - ADDED ENTRY ELEMENTS (KOHA)
Source of classification or shelving scheme Dewey Decimal Classification
Koha item type Books
Koha issues (borrowed), all copies 4
Holdings
Withdrawn status Lost status Source of classification or shelving scheme Damaged status Not for loan Collection code Home library Current library Shelving location Date acquired Source of acquisition Cost, normal purchase price SGTU Bill Number Total Checkouts Full call number Barcode Date last seen Date last checked out Bill Date Koha item type
    Dewey Decimal Classification     NURSING SGT Medical Library SGT Medical Library Text Book 06/07/2014 ABC DELHI 995.00 SGTU 4669 1 610.73 L06E FN1761 19/02/2018 19/02/2018 06/07/2014 Books
    Dewey Decimal Classification     NURSING SGT Medical Library SGT Medical Library Text Book 06/07/2014 ABC DELHI 995.00 SGTU 4669   610.73 L06E FN1762 09/02/2015   06/07/2014 Books
    Dewey Decimal Classification     NURSING SGT Medical Library SGT Medical Library Text Book 06/07/2014 ABC DELHI 995.00 SGTU 4669 1 610.73 L06E FN1763 03/11/2022 01/11/2022 06/07/2014 Books
    Dewey Decimal Classification     NURSING SGT Medical Library SGT Medical Library Text Book 06/07/2014 ABC DELHI 995.00 SGTU 4669 2 610.73 L06E FN1764 23/06/2022 04/06/2022 06/07/2014 Books
    Dewey Decimal Classification     NURSING SGT Medical Library SGT Medical Library Text Book 06/07/2014 ABC DELHI 995.00 SGTU 4669 1 610.73 L06E FN1765 04/02/2022 10/12/2021 06/07/2014 Books